[Event "South West Open"]
[Site "Margaret River AUS"]
[Date "2024.09.15"]
[Round "5.9"]
[White "Donaldson,Gary"]
[Black "Rithauddin,Florentyna"]
[Result "0-1"]
[BlackElo "1439"]
[BlackFideId "35816694"]
[EventDate "2024.09.14"]
[PlyCount "0"]
[WhiteElo "1753"]
[WhiteFideId "3218570"]

1. d4 d5 2. Nf3 e6 3. Bf4 c5 4. c3 Nc6 5. e3 h6 6. Bd3 Nf6 7. O-O Be7 8. Ne5 a6
9. Nxc6 bxc6 10. Nd2 O-O 11. Re1 cxd4 12. cxd4 Bd6 13. Bxd6 Qxd6 14. a3 a5 15.
Nf3 Ba6 16. Bxa6 Rxa6 17. Qd3 Rb6 18. Rab1 Rfb8 19. Re2 c5 20. dxc5 Qxc5 21.
Rc2 Qd6 22. Nd2 e5 23. f3 Nd7 24. Qc3 Rb5 25. Rbc1 g6 26. h3 Nb6 27. Qd3 Na4
28. Rc8+ Kg7 29. Rxb8 Rxb8 30. Ne4 { At this point White fell below 5 minutes
and played the next 30 recorded moves with five minutes and the ten second
increment.}  30... Qb6 31. Nf2 Qxb2 32. Rc2 Qb1+ 33. Kh2 Qb5 34. f4 Qxd3 35.
Nxd3 exf4 36. Nxf4 Rb3 37. Nxd5 Rxa3 38. e4 Rd3 39. Nc7 Nc3 40. e5 a4 41. Rc1
a3 42. e6 fxe6 43. Nxe6+ Kf7 44. Nc5 Re3 45. Ra1 Nb5 46. Kg1 Re2 47. Nd3 Rd2
48. Nb4 Rd4 49. Nc2 Ra4 50. Kf1 a2 51. Ke2 Ra8 52. Kd3 Ke6 53. Re1+ Kd6 54. Na1
Ra3+ 55. Kc4 Nc7 56. Nc2 Rg3 57. Re2 Na8 58. Kd4 Ra3 59. Kc4 { At this point
Black stopped recording moves. It is unclear whether he was recording below the
5 minute threshold. Black's position is winning but the game is recorded as a
flag fall and a win for Black.}   0-1

[Event "South West Open"]
[Site "Margaret River AUS"]
[Date "2024.09.15"]
[Round "5.11"]
[White "Cotterill,Graeme"]
[Black "Prince,John"]
[Result "1-0"]
[BlackElo "1552"]
[BlackFideId "3266060"]
[EventDate "2024.09.14"]
[PlyCount "0"]
[WhiteElo "1336"]
[WhiteFideId "3274942"]

1. e4 Nf6 2. e5 Nd5 3. c4 Nb6 4. d4 d6 5. exd6 exd6 6. h3 Be7 7. Nf3 O-O 8. Be2
Re8 9. O-O Nc6 10. Nc3 Bf5 11. Be3 Na5 12. b3 Bf6 13. Rc1 Qd7 14. d5 c5 15. Bf4
Qe7 16. Re1 Bxc3 17. Rxc3 Qf6 18. Qd2 Nd7 19. Bg5 Qxc3 ( 19... Qg6 20. Nh4 )20.
Qxc3 b6 21. Bf4 Nb7 22. g4 Be4 23. Ng5 Bg6 24. Qg3 h6 25. Nf3 Nf6 26. Nh4 Ne4
27. Qf3 Bh7 28. Ng2 g5 29. Bc1 Re7 30. Bd3 Rae8 31. Rxe4  1-0

[Event "South West Open"]
[Site "Margaret River AUS"]
[Date "2024.09.15"]
[Round "6.1"]
[White "Kerr,Carter"]
[Black "Hare,Tim"]
[Result "0-1"]
[BlackElo "2287"]
[BlackFideId "4300629"]
[EventDate "2024.09.14"]
[PlyCount "0"]
[WhiteElo "1734"]
[WhiteFideId "3261859"]

1. e4 d6 2. d4 g6 3. Nf3 Bg7 4. Nc3 c6 5. Bc4 Nf6 6. O-O O-O 7. Be3 b5 8. Bd3
Qc7 9. Qd2 e5 10. dxe5 dxe5 11. Bg5 Nbd7 12. Ne2 Nc5 13. Ng3 Bg4 14. Qe3 Ne6
15. h4 Bxf3 16. Qxf3 Nd4 17. Qd1 h5 18. Be3 Rad8 19. c3 Ne6 20. Qc2 Ng4 21. Bg5
Nxg5 22. hxg5 Qe7 23. Be2 Qxg5 24. Bxg4 Qxg4 25. Rad1 Bf6 26. c4 h4 27. Ne2 h3
28. Ng3 hxg2 29. Kxg2 Kg7 30. Rxd8 Rxd8 31. Rh1 Bg5 32. Qc3 Bf4 33. cxb5 Bxg3
34. Qxg3 Qxe4+ 35. Qf3 Qxf3+ 36. Kxf3 cxb5 37. Ke3 Rc8 38. Kd2 f5 39. Re1 Kf6
40. Re3 e4 41. Ra3 Rc7 42. Ra6+ Kg5 43. Ra5 Rb7 44. Ke3 Kg4 45. Ra6 g5 46. Ra5
f4+ 47. Kxe4 Re7+ 48. Kd3 Kf3 49. Rxb5 g4 50. Rf5 Rd7+ 51. Kc3 g3 52. fxg3 Kxg3
53. Rg5+ Kf2 54. Rf5 f3 55. Rf4 Ke2 56. Re4+ Kf1 57. Rf4 f2 58. Rf5 Rg7 59. b4
Kg2 60. a4 f1=Q 61. Rxf1 Kxf1 62. b5 Ke2 63. a5 Ke3 64. Kc4 Ke4 65. Kc5 Rg5+
66. Kc6 Rg6+ 67. Kb7 Rg7+ 68. Ka8 Kd5 69. b6 Kc6 70. b7 Rxb7 71. a6 Rh7 72. Kb8
Kb6  0-1

[Event "South West Open"]
[Site "Margaret River AUS"]
[Date "2024.09.15"]
[Round "6.2"]
[White "Rahmani,Noor"]
[Black "Lucas,Bradley"]
[Result "0-1"]
[BlackElo "1965"]
[BlackFideId "311105223"]
[EventDate "2024.09.14"]
[PlyCount "0"]
[WhiteElo "2244"]
[WhiteFideId "3278824"]

1. d4 d5 2. Nf3 Nf6 3. c4 e6 4. Nc3 c6 5. e3 Nbd7 6. Bd2 Ne4 7. Bd3 f5 8. cxd5
exd5 9. Qb3 Bd6 10. Rd1 Qe7 11. Bc1 O-O 12. O-O Rf6 13. a4 Kh8 14. Rfe1 Rh6 15.
g3 g5 16. Bf1 g4 17. Nh4 Rxh4 18. Nxe4 fxe4 19. gxh4 Qxh4 20. Bg2 Qxh2+ 21. Kf1
g3 22. fxg3 Nc5 23. dxc5 Bh3 24. Qc3+ Kg8 25. Rd2 Rf8+ 26. Ke2 Bg4#  0-1

[Event "South West Open"]
[Site "Margaret River AUS"]
[Date "2024.09.15"]
[Round "6.3"]
[White "Hardegen,Kathryn"]
[Black "Fokaite,Gabriele"]
[Result "1-0"]
[BlackElo "1748"]
[BlackFideId "12808202"]
[EventDate "2024.09.14"]
[PlyCount "0"]
[WhiteElo "2067"]
[WhiteFideId "3226778"]

1. Nf3 d5 2. d4 e6 3. c4 Nf6 4. Nc3 c6 5. e3 Be7 6. Bd3 O-O 7. O-O b6 8. Qc2 h6
9. e4 Bb7 10. e5 Nfd7 11. cxd5 cxd5 12. Be3 Nc6 13. Qd2 Ndxe5 14. dxe5 d4 15.
Nxd4 Nxd4 16. Bxd4 Kh8 17. Be4 Bxe4 18. Nxe4 Qd5 19. Nc3 Qd7 20. Rad1 Rad8 21.
Qf4 Qc7 22. Qe4 Rd7 23. Be3 Rfd8 24. g3 a5 25. Rxd7 Rxd7 26. a3 Bc5 27. Nb5 Qc8
28. Rc1 Qd8 29. Bxc5 bxc5 30. Nd6 Qb6 31. Qc2 Rc7 32. Qc3 a4 33. Rd1 Rd7 34.
Rd2 Qc6 35. Qe3 f6 36. Nc4 Rxd2 37. Nxd2 f5 38. Qd3 Qb6 39. Nc4 Qb5 40. h4 Kg8
41. Qc3 Qc6 42. Ne3 Kf7 43. Qc4 Ke7 44. Qd3 Kf7 45. Qd6 Qb5 46. h5 Qxb2 47.
Qd7+ Kf8 48. Qxe6 Qb1+ 49. Kg2 Qe4+ 50. Kh2 Qf3 51. Qxf5+ Qxf5 52. Nxf5 c4 53.
Ne3 c3 54. Kg2 Ke8 55. Kf3 Kd7 56. Ke4 Ke6 57. f4  1-0

[Event "South West Open"]
[Site "Margaret River AUS"]
[Date "2024.09.15"]
[Round "6.4"]
[White "Mukhedkar,Sanjay"]
[Black "Elkington,Derek"]
[Result "1-0"]
[BlackElo "1891"]
[BlackFideId "3212564"]
[EventDate "2024.09.14"]
[PlyCount "0"]
[WhiteElo "1821"]
[WhiteFideId "3251217"]

1. e4 c5 2. Nf3 e6 3. d4 cxd4 4. Nxd4 Qb6 5. Nc3 Bc5 6. Na4 Qa5+ 7. c3 Bxd4 8.
Qxd4 Nf6 9. Nc5 Qc7 10. Be2 Nc6 11. Qe3 d6 12. Nd3 e5 13. O-O O-O 14. b4 a6 15.
Bb2 Be6 16. a4 b5 17. a5 d5 18. exd5 Nxd5 19. Qf3 f5 20. Nc5 e4 21. Qg3 Nf4 22.
Bd1 Bc4 23. Re1 Ne5 24. Bc1 Nfg6 25. Bc2 Qa7 { At this point Black fell below 5
minutes and stopped recording moves.}  26. h4 Rae8 27. h5 Nh8 28. Be3 Qf7 29.
Bd4 Ng4 30. Bxe4 Nxf2 31. Bxf2 fxe4 32. Rxe4 Qxh5 33. Bd4 Ng6 { At this point
White also fell below 5 minutes and stopped recording moves. However, with a
better postion, and presumably more time on his clock, he went on to convert
the win.}   1-0

[Event "South West Open"]
[Site "Margaret River AUS"]
[Date "2024.09.15"]
[Round "6.5"]
[White "McAteer,Ian"]
[Black "Stortz,Robert"]
[Result "1/2-1/2"]
[BlackElo "1838"]
[BlackFideId "3246442"]
[EventDate "2024.09.14"]
[PlyCount "0"]
[WhiteElo "1849"]
[WhiteFideId "3230015"]

1. e4 c6 2. Nf3 d5 3. exd5 cxd5 4. Ne5 { Looking for some fun in the last round,
with no chance of any prizes, White goes for the dubious but fun Apocalypse
variation.}  4... Nf6 5. d4 e6 6. c3 h6 7. Bd3 Bd6 8. f4 Ne4 9. O-O ( 9. Bxe4 {
immediately was the correct approach.}  9... dxe4 10. Nd2 e3 ( 10... f5 {
cannot be played due to}  11. Qh5+ g6 12. Qxg6+ { followed by Qf7 mate against
any Black move.}  )11. Ne4 O-O 12. Bxe3 { with a pleasant advantage.}  )9...
Nd7 10. Nd2 Ndf6 11. Qe2 ( 11. Qa4+ { is better.} )11... Nxd2 12. Bxd2 Bd7 13.
g4 { This last-round move is over-ambitious. The more solid approach is}  ( 13.
Nxd7 Nxd7 14. f5 { with a vicious attack straight through the middle.}  )13...
Qe7 14. Rae1 O-O-O 15. c4 dxc4 16. Rc1 Kb8 17. Nxd7+ Qxd7 18. Rxc4 Rc8 19. Rfc1
Rxc4 20. Rxc4 Rc8 21. b3 Nd5 22. f5 Nf4 23. Bxf4 Bxf4 24. fxe6 fxe6 25. Qe4 Bg5
{ Black misses his chance.}  ( 25... Rf8 { gives him an edge for the first time
in the game.} )26. Rxc8+ Qxc8 27. Bc4 Bf6 28. h3 Qc6 { Black had burnt a lot of
time in an opening he wasn't familiar with and made small but continuous
mistakes. Unfortunately White wasn't that familiar with the opening either and
missed several chances to take a clear advantage. With the evening drawing on
and those opposite colour bishops looking past each other a draw was agreed.}  
1/2-1/2

[Event "South West Open"]
[Site "Margaret River AUS"]
[Date "2024.09.15"]
[Round "6.6"]
[White "Rithauddin,Florentyna"]
[Black "Stewart,Clint"]
[Result "1/2-1/2"]
[BlackElo "1658"]
[BlackFideId "3209083"]
[EventDate "2024.09.14"]
[PlyCount "0"]
[WhiteElo "1439"]
[WhiteFideId "35816694"]

1. c4 f5 2. Nc3 Nf6 3. d4 g6 4. Nf3 Bg7 5. g3 d6 6. Bg2 O-O 7. O-O Qe8 8. Qb3
Kh8 9. Re1 e5 10. dxe5 dxe5 11. e4 f4 12. gxf4 exf4 13. Bxf4 Na6 14. Rad1 Nc5
15. Qc2 Qf7 16. b3 Nh5 17. Be3 Ne6 18. Ng5 Nxg5 19. Bxg5 Nf4 20. Bxf4 Qxf4 21.
Nd5 Qh4 22. e5 Bf5 23. Qc3 c6 24. Nb4 Rae8 25. Rd4 Bg4 26. f3 Bxe5 27. Rxe5
Rxe5 28. Rxg4 Qe1+ 29. Qxe1 Rxe1+ 30. Kf2 Rd1 31. Bf1 Rfd8 32. Re4 R1d2+ 33.
Re2 a5 34. Nc2 Rd1 35. Bh3 Kg7 36. Ne3 R1d3 37. Nc2 Kh6 38. Ne1 Rc3 39. Nc2 Rd2
40. Ne3 Rd4 41. Ng2 Rdd3 { White has a clear advantage but, playing on the
increment, coulldn't figure out how to untangle herself. Black also dropped
into time trouble and play continued for several more moves, all along the same
theme, until a draw was agreed.}   1/2-1/2

[Event "South West Open"]
[Site "Margaret River AUS"]
[Date "2024.09.15"]
[Round "6.8"]
[White "Cotterill,Graeme"]
[Black "Kerr,Lennon"]
[Result "0-1"]
[BlackElo "1691"]
[BlackFideId "3261735"]
[EventDate "2024.09.14"]
[PlyCount "0"]
[WhiteElo "1336"]
[WhiteFideId "3274942"]

1. e4 e6 2. d4 d5 3. e5 c5 4. c3 Nc6 5. Nf3 Qb6 6. a3 c4 7. Nbd2 Bd7 8. b4 cxb3
9. Nxb3 Na5 10. Nxa5 Qxa5 11. Qd2 g6 12. c4 Qc7 13. cxd5 Bh6 14. Qd1 Qc3+ 15.
Bd2 Bxd2+ 16. Nxd2 Qxd4 17. dxe6 Qxe5+ 18. Be2 Bxe6 19. O-O Nf6 20. Re1 O-O 21.
Bf3 Qb2 22. Ne4 Nxe4 23. Bxe4 Rad8 24. Qb1 Qxb1 25. Raxb1 b6 26. f3 Rd2 27.
Rbc1 Rc8 28. Rxc8+ Bxc8 29. Rc1 Be6 30. Rc2 Rxc2 31. Bxc2 Kf8 32. Kf2 Ke7 33.
Ke3 Kd6 34. Kd4 a6 35. a4 h6 36. Bd3 a5 37. f4 Bd5 38. g3 Bc6 39. Bb5 Bxb5 40.
axb5 f5 41. h3 a4 42. Kc4 a3 43. Kb3 a2 44. Kxa2 Kc5 45. Kb2 Kxb5 46. Kb3 g5
47. Kc3 Ka4 48. Kc2 gxf4 49. gxf4 Ka3 50. h4 h5 51. Kc1 Ka2 52. Kc2 b5 53. Kc3
Ka3 54. Kc2 b4 55. Kc1 Ka2  0-1

[Event "South West Open"]
[Site "Margaret River AUS"]
[Date "2024.09.15"]
[Round "6.9"]
[White "Moseley,Paul"]
[Black "Pass,Tony"]
[Result "0-1"]
[BlackElo "1360"]
[BlackFideId "3276988"]
[EventDate "2024.09.14"]
[PlyCount "0"]
[WhiteElo "1516"]
[WhiteFideId "3250911"]

1. f4 c6 2. Nf3 d5 3. e3 Bg4 4. Be2 e6 5. O-O Bxf3 6. Rxf3 Nf6 7. b3 Bc5 8. Bb2
d4 9. Na3 O-O 10. Nc4 dxe3 11. d4 Bb6 12. Rxe3 Nd5 13. Rf3 Nd7 14. Nxb6 axb6
15. c4 Ne7 16. Bd3 Nf6 17. d5 cxd5 18. Bxf6 gxf6 19. Rh3 Ng6 20. Qh5 Re8 21.
Qxh7+ Kf8 22. Bxg6 fxg6 23. Qxg6 Ke7 24. Rh7+ Kd6 25. b4 Rg8 26. Qd3 Qc8 27.
Rd1 Rxa2 28. g3 Qc6 29. cxd5 exd5 30. Rd7+ Kxd7 31. Qf5+ Ke7  0-1

[Event "South West Open"]
[Site "Margaret River AUS"]
[Date "2024.09.15"]
[Round "6.11"]
[White "Molenaar,Michael"]
[Black "Donaldson,Gary"]
[Result "1-0"]
[BlackElo "1753"]
[BlackFideId "3218570"]
[EventDate "2024.09.14"]
[PlyCount "0"]
[WhiteElo "1852"]
[WhiteFideId "0"]

1. d4 d5 2. c4 e6 3. Nc3 Nf6 4. cxd5 exd5 5. Bg5 Be7 6. e3 c6 7. Bd3 b6 8. Nf3
Bg4 9. h3 Bh5 10. O-O O-O 11. Be2 Nbd7 12. a3 Re8 13. Rc1 Nf8 14. Bxf6 Bxf6 15.
b4 Ng6 16. g4 Bxg4 17. hxg4 Qc7 18. Nxd5 Qd6 19. Nxf6+ gxf6 20. Bd3 Rxe3 21.
Bxg6 hxg6 22. fxe3 Qg3+ 23. Kh1 Kg7 24. Rc2 Qxg4 25. Rg2 Qe4 26. Qe2 Re8 27.
Kg1 Rh8 28. Kf2 Rh3 29. Rh2  1-0

[Event "South West Open"]
[Site "Margaret River AUS"]
[Date "2024.09.15"]
[Round "6.12"]
[White "Prince,John"]
[Black "Dawoud,Ahmad"]
[Result "1-0"]
[BlackElo "1120"]
[BlackFideId "3256669"]
[EventDate "2024.09.14"]
[PlyCount "0"]
[WhiteElo "1552"]
[WhiteFideId "3266060"]

1. e4 e5 2. Nf3 Nc6 3. Bb5 d6 4. O-O Be7 5. d4 a6 6. Bxc6+ bxc6 7. dxe5 Bg4 8.
exd6 cxd6 9. h3 Bxf3 10. Qxf3 Nf6 11. e5 dxe5 12. Qxc6+ Nd7 13. Re1 Ra7 14. Nc3
O-O 15. Be3 Qc7 16. Qxc7 Rxc7 17. Nd5 Rxc2 18. Nxe7+  1-0